000 00329cam a2200133ua 4500
041 _aeng
_h
082 _a823.308
_bNOR/BOR
100 _aNorten mary, .
245 0 0 _aBorrowers Alfred /
_cMary,Norten.
_hTextual Documents
260 _a :
_bDent prnnant books ,
_c1960.
300 _a193 ; .
504 _a
999 _c11975
_d11975